000 00819nam a2200205 i 4500
001 185542
003 ES-MaACL
005 20230906222448.0
008 160701s1886 sp |||| | spa d
100 1 _aPeña, A. de la
_c(Oftalmólogo)
_9160075
245 1 0 _aConsejos higiénicos para el uso de gafas y lente /
_cpor el Dr. A. de la Peña.
260 _a[S.l.] :
_b[s.n.],
_c1886 (
_eMadrid :
_fImp. de Enrique Teodoro)
300 _a40 p. :
_bil. ;
_c19 cm.
530 _aDisponible en formato digital.
650 4 _aOjos-
_xCuidado e higiene.
_9141518
650 4 _aGafas.
_9160076
650 4 _aLentes oftálmicas.
_9147070
852 _aES-MaACL
_jT-417-F-2
_z.- Enc. en un vol. facticio falto de la cub. original
856 _uhttp://bdh-rd.bne.es/viewer.vm?id=0000047608&page=1
_zBiblioteca Digital Hispánica
999 _c185542
_d185542